| 000 | 00971nam a2200373Ia 4500 | ||
|---|---|---|---|
| 003 | LK-CoDNM | ||
| 005 | 20240122100837.0 | ||
| 008 | 010623t1921 xxu||||| |||| 00| 1 sin d | ||
| 040 |
_aLK-CoDNM _dLK-CoDNM _eLK-CoDNM |
||
| 041 | _asin | ||
| 080 |
_a104 _bK 9 |
||
| 100 | _aHigins,Mari Musias | ||
| 245 | _aඓතිහාසික කථා : ලංකා ඉතිහාසය | ||
| 246 | _aAitihasika Kata : Lanka Itihasaya | ||
| 260 |
_bBoys Industrial Home _aColombo _c1921 |
||
| 300 | _b280p, 21 cm | ||
| 490 | _vPart II | ||
| 650 | _aAsokamala | ||
| 650 | _aBuddhadasa king | ||
| 650 | _aDatusena | ||
| 650 | _aDutugemunu | ||
| 650 | _aHistory | ||
| 650 | _aKalidasa | ||
| 650 | _aKashyapa | ||
| 650 | _aKelaniye Raju | ||
| 650 | _aLanka Itihaasaya | ||
| 650 | _aMaha Parackrama Bahu | ||
| 650 | _aMahasena | ||
| 650 | _aNeela Yodaya | ||
| 650 | _aSirisangabo | ||
| 650 | _aViharamaha Devi | ||
| 650 | _aVijayabhahu | ||
| 942 | _cBK | ||
| 999 |
_c90618 _d90618 |
||